Responses for show #3910 - Friday, September 7, 2001

Contestants

Evelyn Pan Bavier, a museum administrator from Arlington, Massachusetts

Derek Ziegler, a transportation analyst from Philadelphia, Pennsylvania

Ramsey Campbell, a writer from Newport Beach, California (whose 2-day cash winnings total $31,000)

Jeopardy! Round responses

THE WRITINGS OF WOODY ALLEN
DESCRIBING THE SPORT
(Alex: You have to tell us what sport.)
ANIMALS ROCK
STATE THE OBVIOUS
(Alex: In fact, identify the state.)
IN THE DICTIONARY
"SEVEN" ON YOUR SIDE
    $100 26
Dracula

Ramsey
    $100 12
boxing

Ramsey
    $100 11
Ray (Charles)

Derek
    $100 2
Nebraska

Ramsey
    $100 21
0

Ramsey
    $100 1
7 Up

Derek
    $200 27
the speed of light

Derek
    $200 13
bowling

Ramsey
    $200 17
(Jim) Seals

Ramsey
    $200 6
(Alex: [*] with the panhandle, right.)

Oklahoma

Ramsey
    $200 22
(Ramsey: What's a screw?)

to bolt

RamseyEvelyn
    $200 3
(Derek: What are the Savage Seven?)

the Magnificent Seven

RamseyDerek
    $300 28
(Ramsey: What is Sodom?)
...
(Alex: Don't those names sound Greek? Hence, the city would be [*].)

Athens

Ramsey
Triple Stumper
    $300 14
basketball

Ramsey
    $300 18
Cat Stevens

Derek
    $300 8
Utah

Ramsey
    $300 23
(Alex: Oh, you do delicate work with [*].)

a coping saw

Triple Stumper
    $300 4
the Mercury Seven

Ramsey
    $400 29
slang

Evelyn
    $400 15
pole vaulting

Ramsey
    $400 19
Samantha Fox

Triple Stumper
    $400 9
Illinois

Evelyn
    $400 24
salaam

Ramsey
    $400 5
the Seven Sisters

Derek
    $500 30
Van Gogh

Evelyn
    $500 16
figure skating

Derek
    $500 20
Joey Dee

Triple Stumper
    $500 10
Wisconsin

Derek
    $500 25
(Ramsey: Oh!... What is... Oh! [*]!)
(Alex: Sorry, too long. Evelyn?)

verve

RamseyEvelyn
    $800 7
the House of the Seven Gables

Ramsey

Scores at the first commercial break (after clue 16):

Ramsey Derek Evelyn
$2,900 $1,400 $400

Scores at the end of the Jeopardy! Round:

Ramsey Derek Evelyn
$2,700 $1,900 $2,000

Double Jeopardy! Round responses

EYE ON ASIA
PARTNERS
AMERICAN HERSTORY
OTHER JULIA ROBERTS MOVIES
ARTISTS
"WAL" STREET
    $200 17
the Nobel Peace Prize

Ramsey
    $200 26
Jaymes

Ramsey
    $200 1
the American Revolution

Evelyn
    $200 16
Hook

Derek
    $200 4
(Ramsey: Who is Mary Cassatt?)
(Evelyn: Who is Georgia O'Keeffe?)

Grandma Moses

RamseyDerekEvelyn
    $200 2
Sam Walton

Derek
    $400 22
the Dalai Lama

Evelyn
    $400 27
(William) Schlemmer

Evelyn
    $400 3
Betsy Ross

Ramsey
    $400 18
Flatliners

Evelyn
    $400 9
Andy Warhol

Evelyn
    $400 8
a walrus mustache

Ramsey
    $600 23
Chiang Kai-shek

Ramsey
    $600 28
Winthrop Smith

Triple Stumper
    $600 5
(Evelyn: Who is Gloria Steinem?)
...
(Alex: Who is [*]?--who worked with her.)

Betty Friedan

Evelyn
Triple Stumper
    $600 19
Dr Jekyll

Ramsey
    $600 11
(Evelyn: Who is Van Gogh?)

Rembrandt

Evelyn
Triple Stumper
    $600 10
wallow

Ramsey
    $2,500 24
India & Pakistan

Ramsey
    $800 29
(Evelyn: Who is Howe?)
...
(Alex: Oh, Evelyn, if you'd just stretched that out a little to make it [*].)
[The end-of-round signal sounds.]
[ERRATUM: The clue had a four-period ellipsis.]

Howell

Evelyn
Triple Stumper
    $2,000 6
(Derek: Who is Dred Scott?)

Frederick Douglass

Derek
    $800 20
The Player

Ramsey
    $800 12
Goya

Derek
    $800 14
Walden

Ramsey
    $1000 25
(Ramsey: What's a funeral pyre?)
...
(Alex: What is the practice of [*]?--the wife of the deceased throwing herself on the pyre.)

sati

Ramsey
Triple Stumper
    $1000 7
(Derek: Who is Frances Perkins?)

Jeannette Rankin

Derek
Triple Stumper
    $1000 21
Mel Gibson

Derek
    $1000 13
(Evelyn: Uh, who... Who is Mary Cassatt?)

(Édouard) Manet

DerekEvelyn
    $1000 15
(Ramsey: What is All Hallows Night?)

Walpurgis Night

Ramsey
Triple Stumper

Scores at the end of the Double Jeopardy! Round:

Ramsey Derek Evelyn
$7,600 $2,300 $600
(lock game)

[wagering suggestions for these scores]

Final Jeopardy! Round responses

ZOOLOGY
EvelynWhat are [Gorillas crossed out] Chimpanzees?
$599
DerekWhat are chimpanzees?
$1,000
RamseyWhat are Gorillas?
$400
chimpanzees

Final scores:

Ramsey Derek Evelyn
$7,200 $3,300 $1,199
3-day champion: $38,200 2nd place: a trip to the French West Indies 3rd place: Pinseeker golf clubs

Game dynamics:

Coryat scores:

Ramsey Derek Evelyn
$5,600 $4,300 $600
24 R
(including 2 DDs),
6 W
13 R,
3 W
(including 1 DD)
10 R,
5 W

Combined Coryat: $10,500

The J! Archive is created by fans, for fans. The Jeopardy! game show and all elements thereof, including but not limited to copyright and trademark thereto, are the property of Jeopardy Productions, Inc. and are protected under law. This website is not affiliated with, sponsored by, or operated by Jeopardy Productions, Inc. Join the discussion at JBoard.tv.